000 00664nam a2200289Ia 4500
005 20260324121739.0
008 008 260324s9999 xx 000 0 eng d
020 _a9781315886589
037 _aEBOOK
040 _aCRL
040 _beng
040 _cCRL
041 _2eng
041 _aeng
084 _qCRL
100 _aSusan Leong
_91163715
245 0 _aNew Media and the Nation in Malaysia
245 0 _bMalaysianet
260 _bTaylor and Francis
260 _c2013
365 _a
365 _b150
856 _uhttp://www.taylorfrancis.com/books/9781315886589
942 _cEBOOK
999 _c1756011
_d1756011